[Event "Sheikh Russel GM 2021"]
[Site "Dhaka"]
[Date "2021.10.24"]
[Round "6.23"]
[White "Deepan Chakkravarthy J."]
[Black "Sanket Chakravarty"]
[Result "1-0"]
[WhiteElo "2535"]
[BlackElo "2288"]
[Annotator "TA"]
[PlyCount "119"]
[EventDate "2021.10.19"]
[EventType "swiss"]
[EventCountry "BAN"]
[SourceTitle "playchess.com"]
[Source "ChessBase"]
[SourceQuality "1"]

{[%evp 13,119,12,17,20,23,10,16,0,-5,-5,0,0,6,6,37,39,74,85,112,134,128,47,112,28,45,10,48,56,54,45,56,47,49,34,26,16,83,72,73,59,62,17,18,0,48,0,0,0,0,0,4,0,0,19,110,33,45,37,80,39,219,203,238,234,305,225,268,297,377,140,191,0,154,88,88,88,88,88,281,289,275,88,88,0,0,0,0,0,0,0,0,0,60,0,0,0,12793,12794,29977,5397,29978,29979,29982,29983,29988,29989,29996,29997]} 1. e4 c5 2. Nf3 e6 3. d4 cxd4 4. Nxd4 Nf6 5. Bd3 Nc6 6. Nxc6 dxc6 7. O-O e5 8. a4 {B40: Sicilian: 2...e6, Unusual lines.} Be6 {[#]} 9. a5 $146 ({Predecessor:} 9. Nd2 Be7 10. Qe2 O-O 11. b3 Qc7 12. Bb2 Rfe8 13. Bc4 Bc5 14. h3 Rad8 15. Rad1 Bxc4 16. Nxc4 {½-½ (16) Azmaiparashvili,Z (2625)-Ubilava,E (2535) Leon 1994}) 9... Bc5 10. Qe1 {The position is equal.} (10. Bg5 {is more complex.} h6 11. Bh4 Bb4 12. a6 b5 13. Nd2) 10... O-O 11. Be3 Bxe3 12. Qxe3 Nh5 13. g3 Bh3 14. Rd1 Qf6 15. Nd2 h6 16. Be2 Qg6 17. a6 (17. Nc4 $1 $16 {[%cal Rc4e5]}) 17... b6 (17... b5 $14) 18. Nf3 (18. Nc4 $16) 18... Qe6 19. Rd2 Rad8 20. Rad1 Rxd2 21. Nxd2 {[%cal Bf3d2,Bd2c4,Bc4d6,Bd6f5][%mdl 32]} Nf6 22. Nc4 Qe7 23. f3 Bc8 24. Nd6 Bxa6 25. Nf5 $1 $16 {[%cal Rf5e7]} ({Reject} 25. Bxa6 Rd8 $15) 25... Qb7 26. Bxa6 Qxa6 27. Ne7+ {[%mdl 64] Double Attack} Kh7 28. Nxc6 Qb5 29. Nxa7 (29. Qa3 $5 {[%cal Ra3f8]} Ra8 30. Ne7 $14) 29... Qa4 {[%cal Ra4a7]} 30. Qxb6 Qxc2 31. Rf1 Re8 $1 32. b4 Re6 33. Qc5 $36 {[%mdl 2048] White has good play.} Qa2 (33... Qe2 $11 {keeps the balance.}) 34. Nb5 ({White should play} 34. Nc8 $16) 34... Nh5 35. Nc3 Qd2 36. Nd5 {aiming for Qf2.} (36. Rd1 {with more complications.} Qb2 37. Nd5 Qe2 38. Rf1 Nf4 39. Nxf4 exf4 40. Qf5+) 36... Rg6 $2 (36... Nf4 $1 $14 37. Nxf4 exf4) 37. Qc3 $1 $18 {[%cal Rc3d2]} Qg5 38. Kf2 Ra6 39. Qb2 f5 40. b5 Ra4 41. Kg2 $2 (41. b6 $18 {is more deadly. Hoping for b7.} Ra8 42. exf5) 41... Rd4 (41... fxe4 $16 42. fxe4 Rd4) 42. Rf2 $2 (42. f4 $18 Qd8 43. b6 (43. fxe5 Rxe4 44. Nc3 Rd4 $16) 43... fxe4 44. b7 $1 Qxd5 45. b8=Q Rd2+ 46. Qxd2 $3 {[%mdl 576] Remove Defender} Qxd2+ 47. Rf2) 42... f4 (42... fxe4 $11 43. fxe4 Nxg3 44. hxg3 Rd3) 43. g4 (43. Qc1 $142 $1 {And now b6 would win.} Qg6 44. Ne7) 43... Nf6 $16 44. Nxf6+ Qxf6 {[%mdl 4096] Endgame [#] KQR-KQR} 45. Rd2 $1 {[%cal Rd2d4] Rxd4 is the strong threat.} Qd6 (45... Qd8 $16 46. Rxd4 exd4) 46. Rxd4 $18 exd4 {[#] KQ-KQ} 47. b6 $2 (47. e5 $1 $18 {[%cal Re5d6] and the rest is easy.} Qc5 48. Qe2) 47... d3 $16 {Strongly threatening ...d2.} 48. e5 (48. b7 $16 d2 49. b8=Q (49. e5 $2 Qd3 $19) 49... Qxb8 50. Qxd2 (50. Qxb8 d1=Q $16)) 48... Qc5 $11 49. e6 (49. b7 {is interesting.} Qc2+ 50. Qxc2 dxc2 51. b8=Q c1=Q 52. Qb3) 49... Qc2+ 50. Qxc2 dxc2 {KP-KP} 51. e7 c1=Q 52. e8=Q {KQ-KQ} Qb2+ (52... Qc2+ $11 53. Kh3 Qf2) 53. Kh3 (53. Kf1 $1 $14 Qxb6 54. Qe4+ {[%mdl 64] Double Attack} g6 55. Qxf4) 53... Qf2 54. Qe4+ {[%mdl 64] Double Attack} Kh8 $2 {[%mdl 8192]} (54... g6 $11) 55. b7 $18 {[%cal Rb7b8]} Qf1+ 56. Kh4 {[%cal Rb7b8]} Qf2+ 57. Kh5 {[%cal Rb7b8] White mates.} Qc5+ 58. Qf5 Qb4 59. g5 Qb6 60. g6 {[%cal Rf5f8] Weighted Error Value: White=0.31/Black=0.40} 1-0

[Event "Sheikh Russel GM 2021"]
[Site "Dhaka"]
[Date "2021.10.24"]
[Round "6.24"]
[White "Pranav Vijay"]
[Black "Sourath Biswas"]
[Result "1/2-1/2"]
[WhiteElo "2265"]
[BlackElo "2270"]
[Annotator "ChessBase"]
[PlyCount "95"]
[EventDate "2021.10.19"]
[EventType "swiss"]
[EventCountry "BAN"]
[SourceTitle "playchess.com"]
[Source "ChessBase"]
[SourceQuality "1"]
[TimeControl "40/5400+30:1800+30"]

1. e4 c6 {[%emt 0:05:41]} 2. d4 {[%emt 0:00:08]} d5 {[%emt 0:00:06]} 3. e5 {[%emt 0:00:05]} Bf5 {[%emt 0:00:04]} 4. Nf3 {[%emt 0:00:11]} e6 {[%emt 0:00:02]} 5. Be2 {[%emt 0:00:08]} c5 {[%emt 0:00:08]} 6. Be3 {[%emt 0:00:05]} Qb6 {[%emt 0:00:04]} 7. Nc3 {[%emt 0:00:12]} Nc6 {[%emt 0:00:06]} 8. O-O {[%emt 0:00:39]} Qxb2 {[%emt 0:00:04]} 9. Qb1 {[%emt 0:08:04]} Qxb1 {[%emt 0:00:24]} 10. Raxb1 {[%emt 0:00:06]} O-O-O {[%emt 0:00:04]} 11. Bb5 {[%emt 0:27:24]} c4 {[%emt 0:05:14]} 12. Ba4 {[%emt 0:03:29]} h6 {[%emt 0:02:21]} 13. Nh4 {[%emt 0:00:59]} Bh7 {[%emt 0:00:05]} 14. f4 {[%emt 0:00:26]} Be7 {[%emt 0:02:45]} 15. Nf3 {[%emt 0:02:24]} Nb8 {[%emt 0:00:39]} 16. g4 {[%emt 0:12:31]} h5 {[%emt 0:07:40]} 17. g5 {[%emt 0:01:38]} a6 {[%emt 0:10:59]} 18. Nh4 {[%emt 0:07:08]} Kc7 {[%emt 0:35:34]} 19. f5 {[%emt 0:06:44]} b5 {[%emt 0:00:07]} 20. f6 {[%emt 0:02:13]} gxf6 {[%emt 0:00:19]} 21. exf6 {[%emt 0:01:18]} Nxf6 {[%emt 0:14:23]} 22. Bf4+ {[%emt 0:12:01]} Bd6 {[%emt 0:05:26]} 23. Bxd6+ {[%emt 0:05:54]} Rxd6 {[%emt 0:00:04]} 24. Bxb5 {[%emt 0:05:32]} Nfd7 {[%emt 0:00:04]} 25. Rxf7 {[%emt 0:00:43]} axb5 {[%emt 0:01:06]} 26. Nxb5+ {[%emt 0:00:46]} Kc6 {[%emt 0:00:04]} 27. Na7+ {[%emt 0:01:14]} Kc7 {[%emt 0:00:05]} 28. Nb5+ {[%emt 0:00:16]} Kc6 {[%emt 0:00:05]} 29. Nf3 {[%emt 0:01:12]} Bxc2 {[%emt 0:02:53]} 30. Rb2 {[%emt 0:00:21]} c3 {[%emt 0:00:03]} 31. Ne5+ {[%emt 0:00:57]} Kb6 {[%emt 0:00:18]} 32. Nxc3+ {[%emt 0:00:26]} Ka6 {[%emt 0:00:27]} 33. Nb5 {[%emt 0:01:13]} Nxe5 {[%emt 0:04:01]} 34. dxe5 {[%emt 0:00:01]} Rd7 {[%emt 0:01:59]} 35. Rxd7 {[%emt 0:01:00]} Nxd7 {[%emt 0:00:06]} 36. Nc7+ {[%emt 0:00:03]} Ka5 {[%emt 0:00:03]} 37. Rxc2 {[%emt 0:00:21]} Rc8 {[%emt 0:00:03]} 38. Rc6 {[%emt 0:00:50]} Nxe5 {[%emt 0:00:24]} 39. Ra6+ {[%emt 0:00:07]} Kb4 {[%emt 0:00:05]} 40. Nxe6 {[%emt 0:00:00]} Rc2 {[%emt 0:00:00]} 41. Nd4 {[%emt 0:03:02]} Rd2 {[%emt 0:01:32]} 42. Re6 {[%emt 0:01:50]} Kc4 {[%emt 0:23:27]} 43. Rxe5 {[%emt 0:02:14]} Kxd4 {[%emt 0:00:04]} 44. g6 {[%emt 0:01:28]} Kxe5 {[%emt 0:05:55]} 45. g7 {[%emt 0:00:02]} Rd4 {[%emt 0:00:05]} 46. h3 {[%emt 0:06:01]} Rd1+ {[%emt 0:00:10]} 47. Kg2 {[%emt 0:00:09]} Rd2+ {[%emt 0:00:02]} 48. Kg1 {[%emt 0:00:10]} 1/2-1/2

[Event "Sheikh Russel GM 2021"]
[Site "Dhaka"]
[Date "2021.10.25"]
[Round "7.1"]
[White "Iskandarov, Misratdin"]
[Black "Narayanan, Srinath"]
[Result "1/2-1/2"]
[WhiteElo "2552"]
[BlackElo "2540"]
[Annotator "TA"]
[PlyCount "205"]
[EventDate "2021.10.19"]
[EventType "swiss"]
[EventCountry "BAN"]
[SourceTitle "playchess.com"]
[Source "ChessBase"]
[SourceQuality "1"]

{[%evp 16,205,17,12,9,0,26,7,0,12,12,0,0,0,8,0,47,0,0,0,0,-44,-31,-31,-30,-33,-24,-69,-64,-77,0,-27,-22,-28,-25,-40,0,-12,0,0,0,-18,-31,-25,16,8,8,9,16,13,19,28,22,22,29,20,21,30,27,22,59,58,76,45,57,58,53,38,75,81,100,44,44,33,46,35,33,39,55,42,49,0,0,0,0,0,14,22,11,16,13,13,13,6,20,0,0,0,22,22,37,42,79,0,0,0,0,0,0,0,0,0,0,0,0,0,0,0,58,45,43,38,45,45,68,22,22,22,22,25,31,22,22,22,22,22,22,22,39,39,68,68,68,68,75,75,75,68,85,0,75,68,75,75,75,75,75,75,78,78,78,75,78,60,68,68,103,75,75,0,103,68,68,68,118,75,75,68,79,0,0,0,2,0,0,0,0,0,0,0,0,0]} 1. c4 Nf6 2. Nc3 e6 3. e4 d5 4. e5 d4 5. exf6 dxc3 6. bxc3 Qxf6 7. d4 b6 8. Nf3 Bb7 9. Bd3 $1 {Black must now prevent Bg5. The main line 9.Bd3 scores better than 9.Be2.} h6 {A18: English Opening: Flohr-Mikenas System (1 c4 Nf6 2 Nc3 e6 3 e4).} 10. Qe2 Bxf3 11. gxf3 {White wants to play Qe4.} Nd7 12. Qe4 Rd8 13. h4 Bd6 {[#]} 14. Be3 $146 ({Predecessor:} 14. Ke2 Qe7 15. Qg4 f5 16. Qg6+ Qf7 17. Qg2 Qf6 18. Be3 O-O 19. Rag1 f4 20. Bd2 {½-½ (20) Ridge,M (1878)-Orr,M (2135) Perth 2017}) 14... g6 15. O-O-O Qf5 16. Qxf5 (16. h5 {with more complications.} Qa5 17. hxg6 Qxc3+ 18. Kb1 Nf6 19. gxf7+ Ke7 20. Qc6) 16... gxf5 17. a4 c5 18. a5 f4 19. Bd2 bxa5 20. Kc2 Ke7 21. Rhe1 Rhg8 22. Bf1 {[#]} Rb8 (22... Rg1 $1 $17) 23. d5 Rb6 24. dxe6 fxe6 25. Bh3 Rg6 26. Ra1 Ne5 27. h5 Rf6 28. Bg4 Nxc4 29. Bc1 Ne5 30. Rxa5 a6 31. Re4 Nc6 32. Raa4 e5 33. Re1 {Threatens to win with Rxf4.} Kd8 34. Bh3 Na7 35. Rg1 Ke7 36. Bf1 Nb5 37. Bc4 Nc7 38. Rg7+ {[%mdl 1024] White has compensation.} Kd8 39. Bd3 Be7 40. Ba3 Nb5 41. Rg8+ Kd7 42. Bb2 Nc7 43. Ra1 (43. Rh8 $16) 43... Rf8 $1 $14 {[%cal Rf8g8]} 44. Rg7 Ne6 45. Rg6 Rfb8 46. Bc1 Ng5 47. Bf5+ Kc7 48. Rg7 Kd8 49. Bg4 Ke8 $1 50. Ba3 Kf8 {[#]} 51. Rxe7 {[%mdl 64] Remove Defender, Decoy} Kxe7 52. Bxc5+ {[%mdl 64] Double Attack} Kf6 {...Rc6 is the strong threat.} 53. Bxb6 Rxb6 $11 {[%mdl 4096] Endgame KRB-KRN} 54. Ra4 Rc6 55. Rb4 Ne6 56. Rb7 Nd4+ 57. Kd2 Nf5 58. Rh7 a5 {[#]} 59. Ra7 (59. Rh8 $1 $16 {[%cal Rh8f8] aiming for Rf8+.} Kg7 60. Ra8) 59... Nd6 60. Ra8 e4 61. fxe4 Nxe4+ {[%mdl 64] Double Attack} 62. Ke2 Nxc3+ 63. Kf3 a4 64. Bd7 Rd6 65. Bxa4 Rd3+ 66. Kg4 f3 (66... Rd2 $11) 67. Ra6+ Ke5 68. Bc6 Rd4+ 69. Kxf3 Rf4+ 70. Kg2 (70. Kg3 $5 {[%cal Ra6a5]} Ne2+ 71. Kg2 $16) 70... Rf6 71. Ra5+ Kf4 $1 72. Rc5 Ne2 $1 73. Bf3 Nd4 74. Rc4 Rd6 75. Bd1 Kg5 76. Rc8 Ne6 77. Rg8+ Kf6 78. Bg4 Kf7 79. Ra8 Nd4 80. Kg3 Nc6 81. Bf3 Nd4 82. Bg4 Nc6 $1 83. f3 Nd4 84. Kf4 Nc6 85. Bf5 Ne7 86. Be4 Rf6+ 87. Kg4 Rb6 88. Ra7 Kf8 89. f4 Rb4 90. Bf3 Ng8 91. Ra8+ Kg7 92. Ra7+ Kf8 $1 93. Ra6 {And now Bd5 would win.} Rb5 $1 94. Rg6 Rb1 95. Kg3 Ne7 96. Ra6 Nf5+ 97. Kg4 ({White should play} 97. Kh3 $16 {Strongly threatening Rf6+.} Ke7 98. Ra7+ Kf6 99. Bd5) 97... Ne3+ {The position is equal.} 98. Kh3 {Black should prevent Re6.} Rf1 99. Be2 Rxf4 100. Rxh6 Rf2 101. Ba6 Rf3+ 102. Kh4 Nf5+ 103. Kg4 {Weighted Error Value: White=0.09/Black=0.09} 1/2-1/2

[Event "Sheikh Russel GM 2021"]
[Site "Dhaka"]
[Date "2021.10.25"]
[Round "7.2"]
[White "Asadli, Vugar"]
[Black "Mitrabha, Guha"]
[Result "1/2-1/2"]
[WhiteElo "2585"]
[BlackElo "2479"]
[Annotator "TA"]
[PlyCount "47"]
[EventDate "2021.10.19"]
[EventType "swiss"]
[EventCountry "BAN"]
[SourceTitle "playchess.com"]
[Source "ChessBase"]
[SourceQuality "1"]

{[%evp 12,47,0,0,0,0,0,0,0,-4,6,-8,0,5,18,11,18,11,14,10,17,0,8,0,0,0,0,0,18,0,0,0,0,0,0,0,0,0]} 1. e4 e5 2. Nf3 Nf6 3. d4 Nxe4 4. Bd3 d5 5. Nxe5 Nd7 6. O-O Nxe5 7. dxe5 {The position is equal.} Nc5 {C43: Petroff Defence: 3 d4.} 8. Be3 c6 9. f4 $1 {[%mdl 4] is more profitable than 9.Be2 at the moment.} Nxd3 10. Qxd3 g6 11. Nc3 {[%cal Bb1c3,Bc3e2,Be2g3][%mdl 32]} Be7 12. Ne2 Bf5 13. Qd2 O-O 14. Ng3 Qd7 {[#]} 15. Rae1 $146 ({Predecessor:} 15. Nxf5 Qxf5 16. Rae1 f6 17. Bd4 fxe5 18. Rxe5 Qd7 19. Re2 b6 20. g3 Rae8 21. Rfe1 c5 {½-½ (21) Sidenko,A (2310)-Haeusler,W (2411) LSS email 2012}) 15... f6 16. Bd4 {Threatening e6!} fxe5 17. Bxe5 Rae8 18. c3 (18. Nxf5 {is more complex.} Rxf5 19. g3 Rf7 20. Qc3 b6 21. b4) 18... b6 (18... Be6 {feels hotter.} 19. h3 Bh4 20. Re3 Qd8 21. Ne2 Bf5) 19. h3 Bd6 (19... Be6 {seems wilder.} 20. Rf3 Bh4 21. Re2 Rf7 22. b3 c5) 20. Bxd6 Qxd6 21. Nxf5 gxf5 22. Rxe8 Rxe8 23. Rf3 Kf7 24. Kh2 {An uneventful encounter.  Weighted Error Value: White=0.05/Black=0.03} 1/2-1/2

[Event "Sheikh Russel GM 2021"]
[Site "Dhaka"]
[Date "2021.10.25"]
[Round "7.3"]
[White "Bernadskiy, Vitaliy"]
[Black "Mousavi, Seyed Khalil"]
[Result "1-0"]
[WhiteElo "2580"]
[BlackElo "2510"]
[Annotator "TA"]
[PlyCount "105"]
[EventDate "2021.10.19"]
[EventType "swiss"]
[EventCountry "BAN"]
[SourceTitle "playchess.com"]
[Source "ChessBase"]
[SourceQuality "1"]

{[%evp 13,105,0,11,0,20,12,14,7,15,13,6,5,14,15,9,9,12,8,93,99,131,134,133,118,133,109,185,183,183,181,172,172,338,282,359,364,351,273,246,158,250,237,246,243,223,240,239,234,233,215,227,216,214,188,195,197,222,216,203,200,202,175,157,168,400,381,424,296,336,347,529,545,624,605,519,566,629,586,402,397,649,625,1243,12835,2766,2062,12842,12843,12843,12843,12845,12834,12844,12843]} 1. e4 e6 2. d4 d5 3. Nc3 Nf6 4. e5 Nfd7 5. f4 c5 6. Nf3 Nc6 7. Be3 Be7 8. dxc5 {C11: French: Classical System: 4 e5 and 4 Bg5 dxe4.} Nxc5 9. Nd4 O-O 10. Be2 {[#] The position is equal.} Bd7 $146 ({Predecessor:} 10... a6 11. O-O Nxd4 12. Qxd4 b6 13. b4 Nd7 14. f5 Bg5 15. Bxg5 Qxg5 16. fxe6 fxe6 17. Rxf8+ Kxf8 18. Rf1+ Ke8 19. Nxd5 {1-0 (19) Peeters,T (2040)-Goes,D (1967) Geraardsbergen 2010}) 11. O-O Rc8 12. a3 Nxd4 13. Bxd4 f5 14. exf6 Bxf6 15. f5 e5 {[#]} (15... Ne4 $11 {keeps the balance.}) 16. Bxe5 $1 $16 {Black is on the road to losing.} Bc6 (16... Bxe5 17. Qxd5+) 17. Bxf6 Qxf6 18. Nxd5 Qe5 19. Bf3 {aiming for Re1.} Rcd8 (19... Kh8 $16) 20. c4 $18 Qxb2 21. Rf2 Qe5 22. Re2 $36 {[%mdl 2048] Keeping Black busy.} Qb8 (22... Qd6 23. Ne7+ Kh8 24. Qxd6 Rxd6) 23. Re7 Rf7 24. Rxf7 Kxf7 25. Qe2 {Intending Qe7+ and mate.} Qd6 26. Re1 {Hoping for Qe3.} Kf8 {[#]} (26... Kg8 $16 27. Qe7 Qxe7 28. Nxe7+ {[%mdl 64] Discovered Attack} Kf7) 27. Bh5 $1 Kg8 28. Ne7+ Kh8 29. Nxc6 bxc6 {[#]} 30. Qe8+ $1 {[%mdl 512]} Qf8 31. Qxf8+ Rxf8 {[%mdl 4096] Endgame KRB-KRN} 32. Bf3 Kg8 33. Re5 Nd3 34. Re3 Nc5 35. g4 h5 36. Bxc6 hxg4 37. Re5 Nd3 38. Ra5 Rb8 $2 (38... Kf7 39. a4 (39. Rxa7+ Kf6 $16) 39... Kf6 40. Rxa7 Rc8) 39. Be4 Nf4 40. Kf2 Rb3 41. Rxa7 Rc3 (41... Nh5 {is a better defense.} 42. c5 Nf6) 42. a4 {[%cal Ba3a4,Ba4a5][%mdl 32]} Kf8 43. a5 Nh3+ 44. Ke2 Ng1+ 45. Kd2 Rxc4 46. Ke3 Nf3 $2 {[#]} (46... Rc3+ 47. Bd3 Nf3) 47. Rf7+ $3 {[%mdl 576] Decoy. White is clearly winning.} Kxf7 (47... Ke8 48. Rxg7) 48. Bd5+ {[%mdl 64] Double Attack} Ke7 49. Bxc4 Kd6 50. a6 Ne5 51. Bb5 Kc7 52. Kf4 Nf3 53. Kxg4 {Weighted Error Value: White=0.10/Black=0.51} 1-0

[Event "Sheikh Russel GM 2021"]
[Site "Dhaka"]
[Date "2021.10.25"]
[Round "7.4"]
[White "Stany, G.A."]
[Black "Rasulov, Vugar"]
[Result "0-1"]
[WhiteElo "2522"]
[BlackElo "2452"]
[Annotator "TA"]
[PlyCount "98"]
[EventDate "2021.10.19"]
[EventType "swiss"]
[EventCountry "BAN"]
[SourceTitle "playchess.com"]
[Source "ChessBase"]
[SourceQuality "1"]

{[%evp 15,98,22,22,0,0,0,0,-9,-5,-25,-20,-14,-11,-52,-49,-152,-164,-154,-147,-159,-158,-161,-155,-150,-161,-197,-152,-152,-151,-251,-236,-272,-270,-279,-273,-411,-411,-488,-486,-468,-434,-438,-408,-510,-254,-503,-488,-488,-340,-322,-329,-314,-278,-287,-279,-275,-271,-285,-287,-315,-284,-266,-262,-1851,-3831,-6311,-5594,-12795,-1809,-1042,-12577,-12779,-12656,-12120,-12809,-10132,-6652,-3081,-2300,-3845,-2741,-2377,-1967,-1026,-1013]} 1. e4 c5 2. Nf3 d6 3. d4 cxd4 4. Nxd4 Nf6 5. Nc3 Nc6 6. f3 e5 7. Nb3 Be7 8. Be3 Be6 9. Qd2 {B56: Classical Sicilian: Unusual Lines.} d5 10. exd5 Nxd5 11. Nxd5 {The position is equal.} Qxd5 12. Qf2 {And now Rd1 would win.} Nb4 {[#]} 13. Nc5 $146 ({Predecessor:} 13. c3 Nd3+ 14. Bxd3 Qxd3 15. Nc5 Bxc5 16. Bxc5 b6 17. Rd1 Qb5 18. Ba3 f6 19. Qh4 {1-0 (41) Ehlvest,J (2600)-Veingold,A (2480) Tallinn 2003}) 13... Rc8 {[%cal Rc8c5]} 14. Bb5+ (14. c4 $5 {[%cal Rc4d5]} Qc6 15. Nxe6 Qxe6 16. c5 $11) 14... Kf8 {[%cal Re7c5]} 15. c4 {[#]} Qxc5 $1 $17 {[%mdl 576] Remove Defender, Decoy} 16. Bxc5 Nd3+ {[%mdl 64] Double Attack} 17. Kd2 Nxf2 18. Bxf2 a6 (18... Bxc4 19. Bxc4 Rxc4 20. Rhc1 $11) 19. Ba4 Bb4+ (19... Rxc4 20. Bb3 $17) 20. Kd3 Ke7 (20... Bxc4+ 21. Ke4 $17) (20... Rxc4 21. Bb3 $15) 21. Bb6 Rxc4 22. Rac1 (22. Rhc1 $17 {keeps fighting.} Rhc8 23. Rxc4 Bxc4+ 24. Ke3) 22... Rhc8 $19 23. Rxc4 Bxc4+ (23... Rxc4 24. Bb3 $17) 24. Ke4 Bxa2 25. b3 (25. Ke3 {might work better.}) 25... Ke6 26. g4 Rc3 27. f4 Bxb3 {[%csl Ge6][%cal Rb3d5]} 28. f5+ Ke7 29. Rb1 Rc4+ (29... Ba2 $142 30. Rb2 {[#]} (30. Rxb4 $2 Kd6 $19) 30... Ra3 $1 31. Rxb4 Kd6 32. Bc7+ {[%mdl 64] Discovered Attack} (32. f6 {gets mated.} Bd5+ 33. Kf5 g6+ 34. Kg5 Rh3 35. Bc5+ {[%mdl 64] Decoy} Kxc5 36. Rb5+ axb5 37. Bd1 h6#) 32... Kc5) 30. Kd5 $2 (30. Kd3 Rc3+ 31. Ke4 Bxa4 32. Rxb4 Bc6+ 33. Kxe5) 30... Rc5+ ({Weaker is} 30... Bxa4 31. Kxc4 Bd6 32. Bc5 $17) 31. Ke4 Bxa4 (31... Rc4+ $2 32. Kd3 $19) 32. Rxb4 {[%mdl 4096] Endgame KRB-KRB} Bc6+ 33. Kd3 Rb5 34. Rxb5 Bxb5+ {KB-KB} 35. Ke4 f6 36. h4 Ba4 37. Kd3 h5 38. gxh5 Bd1 39. h6 $2 (39. Bc5+ Kf7 40. h6 gxh6 41. Bb6) 39... gxh6 {Black is clearly winning.} 40. Bc5+ Kf7 41. Bb6 Bg4 42. Ke4 h5 43. Ba5 b5 44. Bb4 Bh3 45. Ba5 Ke7 46. Bb4+ Kd7 47. Ba5 Bg2+ 48. Ke3 Kd6 49. Bd8 Kd5 {Weighted Error Value: White=0.82/Black=0.40} 0-1

[Event "Sheikh Russel GM 2021"]
[Site "Dhaka"]
[Date "2021.10.25"]
[Round "7.5"]
[White "Aditya Mittal"]
[Black "Shyam, Sundar M."]
[Result "1/2-1/2"]
[WhiteElo "2447"]
[BlackElo "2518"]
[Annotator "TA"]
[PlyCount "34"]
[EventDate "2021.10.19"]
[EventType "swiss"]
[EventCountry "BAN"]
[SourceTitle "playchess.com"]
[Source "ChessBase"]
[SourceQuality "1"]

{[%evp 15,34,39,53,60,58,60,72,0,68,46,64,56,52,0,0,0,-11,-65,-74,-54,-61]} 1. d4 e6 2. c4 Bb4+ 3. Nd2 Nf6 4. g3 O-O 5. Bg2 d5 6. Ngf3 Ne4 7. O-O Nc6 8. a3 Be7 9. Qc2 {E01: Catalan: Early deviations.} f5 10. b4 Bf6 {[#]} 11. Nb3 $146 (11. e3 $16) ({Predecessor:} 11. Bb2 Ne7 12. Nb3 Nd6 13. Nfd2 g5 14. Nc5 c6 15. a4 a6 16. Nd3 Ng6 17. c5 {½-½ (30) Haba,P (2447)-Koellner,R (2441) Berlin 2021}) 11... Bd7 (11... a5 $11) 12. Bb2 a5 13. cxd5 exd5 14. b5 (14. Nc5 $14) 14... a4 $11 15. Nc5 Na5 16. Ne5 ({Better is} 16. Nxd7 $11 Qxd7 17. Qxa4) 16... Nxc5 $1 $15 17. Qxc5 Be6 {Weighted Error Value: White=0.30/Black=0.17} 1/2-1/2

[Event "Sheikh Russel GM 2021"]
[Site "Dhaka"]
[Date "2021.10.25"]
[Round "7.6"]
[White "Mosadeghpour, Masoud"]
[Black "Visakh N R"]
[Result "1-0"]
[WhiteElo "2486"]
[BlackElo "2515"]
[Annotator "TA"]
[PlyCount "99"]
[EventDate "2021.10.19"]
[EventType "swiss"]
[EventCountry "BAN"]
[SourceTitle "playchess.com"]
[Source "ChessBase"]
[SourceQuality "1"]

{[%evp 23,99,0,0,0,28,27,29,41,47,35,53,39,75,87,103,93,98,90,89,88,99,103,91,106,108,89,97,86,83,86,97,100,89,85,146,152,157,147,202,124,168,166,146,150,218,127,152,146,159,157,220,15,8,6,107,90,91,47,64,0,0,0,0,0,8,0,26,26,33,40,100,40,800,807,758,729,644,605]} 1. e4 e5 2. Nf3 Nc6 3. Bb5 a6 4. Ba4 Nf6 5. O-O Be7 6. Re1 b5 7. Bb3 d6 8. c3 O-O 9. d4 Bg4 10. d5 Na5 11. Bc2 c6 12. h3 Bc8 13. dxc6 {C91: Closed Ruy Lopez: 7...d6 8 c3 0-0 9 d4.} h6 14. Nbd2 {[%cal Bb1d2,Bd2f1,Bf1e3,Be3d5,Bd5b4][%mdl 32]} Be6 15. Nf1 {White has an edge.} Qc7 16. Ne3 Qxc6 {[#]} 17. Nh4 $146 ({Predecessor:} 17. Qd3 Rfd8 18. Nh4 Bf8 19. Nd5 Bxd5 20. exd5 Qc4 21. Nf5 Qxd3 22. Bxd3 Rab8 23. Ne3 Rdc8 24. g3 g6 {½-½ (26) Marconi,R (1993)-Beckett,P (1918) ICCF email 2018}) 17... Rfe8 ({Wrong is} 17... Nxe4 $2 18. Nhf5 $18) 18. Nhf5 Bf8 19. Qf3 Nh7 20. Nd5 Nc4 21. a4 Nb6 {[%cal Rb6d5]} 22. axb5 axb5 23. Rxa8 Nxa8 24. Be3 Nc7 {[%cal Rc7d5]} 25. Nb4 Qb7 26. Rd1 Rd8 27. Qg3 Kh8 28. f4 exf4 (28... Bxf5 $142 29. exf5 exf4 30. Qxf4 d5) 29. Qxf4 $16 Ne8 30. Bd4 {Threatens to win with Nxh6.} f6 (30... Kg8 $16 31. Nd5 Bxf5) 31. Bd3 Bc4 32. Bxc4 bxc4 33. h4 d5 (33... Nc7 $16 {is a better defense.} 34. Bf2 Re8) 34. exd5 (34. Nxd5 $18 Qb5 35. Qg4) 34... Bxb4 35. cxb4 Qxd5 36. Re1 {Hoping for Qg4.} Nf8 (36... g5 $16 {might work better.} 37. Qg4 Ng7) 37. Rxe8 $2 Rxe8 $11 {[#]} 38. Bxf6 $1 {White wants to mate with Qxh6+.} Kh7 (38... Kg8 $1 $11 39. Bxg7 (39. Ne7+ Rxe7 {[%mdl 64] Decoy} 40. Bxe7 Ng6 $11 {[%mdl 64] Double Attack}) 39... Re1+ 40. Kf2 Ng6 41. Qb8+ Kh7) 39. Bxg7 $16 Qe6 40. Bc3 $40 {[%mdl 128] Black must now prevent Qd4. White has some attack.} Nd7 $1 41. Kh1 ({White should play} 41. h5 $14) 41... Rf8 $11 42. Qd4 {[%csl Gc3,Gf5][%cal Rd4g7]} Nf6 $1 43. Ne3 Nh5 44. Ng4 Qe7 45. Kg1 Qe6 46. b5 {aiming for b6.} Qf5 (46... Rg8 $14 47. Ne3 Rd8) 47. b6 (47. Qxc4 $16 {And now b6 would win.} Nf4 48. Ne3) 47... Qf1+ $4 {[%mdl 8192]} (47... Qd3 $14 48. Ne3 Re8) 48. Kh2 $18 {White is clearly winning.} Qf4+ 49. Qxf4 {[%mdl 64] [#] Overworked Piece} Nxf4 50. Nf6+ {Weighted Error Value: White=0.22/Black=0.18} 1-0